A non-random walk down Wall Street

Αποθηκεύτηκε σε:
Λεπτομέρειες βιβλιογραφικής εγγραφής
Κύριος συγγραφέας: Lo, Andrew W. (Andrew Wen-Chuan)
Άλλοι συγγραφείς: MacKinlay, Archie Craig 1955-
Μορφή: Βιβλίο
Γλώσσα:English
Δημοσίευση: Princeton, New Jersey : Princeton University Press, c1999
Θέματα:
Ετικέτες: Προσθήκη ετικέτας
Δεν υπάρχουν, Καταχωρήστε ετικέτα πρώτοι!

MARC

LEADER 00000nam a2200000 i 4500
001 1/74106
008 050322s1999 eng d
020 |a 0-691-05774-5 
035 |l 10077283 
040 |a GR-MY-UA  |b gre  |e aacr 
041 0 |a eng 
082 0 |a 332.63222  |2 (21) 
100 1 |a Lo, Andrew W.  |q (Andrew Wen-Chuan) 
245 1 2 |a A non-random walk down Wall Street /  |c  Andrew W. Lo, A. Craig MacKinlay 
260 |a Princeton, New Jersey :   |b Princeton University Press,   |c c1999 
300 |a xxxiii, 424 σ.;  |b εικ.;  |c 24 εκ. 
504 |a Περιλαμβάνει βιβλιογραφία και ευρετήριο 
650 0 0 |a Stocks  |x Prices  |x Mathematical models. 
650 0 0 |a Random walks (Mathematics) 
700 1 |a MacKinlay, Archie Craig  |d 1955- 
852 |a INST  |b CHIOS  |e 20050322  |h 332.63222 LO  |p 005200022527  |q 005200022527  |t BK  |y 0 
901 |a BIBL2-2005-1 
909 |a Χ  |b 112400 
920 |a ΔΙΕΥΡΥΝΣΗ  |b ΕΠΕΑΕΚ-ΤΜΟΔ  |y ΧΙΟΣ  |z 2004-12 
970 |a ΣΠΕΝΤΖΑ  |b ΕΛΕΝΗ  |z 2005/03/22